| 000 | 00565nam a22001697a 4500 | ||
|---|---|---|---|
| 005 | 20251108165256.0 | ||
| 008 | 250721s1975 xx 000 0 ara d | ||
| 082 | 1 | 4 | _a956.94/شاح |
| 100 | 1 | _aشاحاك، إسرائيل | |
| 245 | 1 | 0 |
_aمن الأرشيف الصهيوني : _bوثائق و نصوص / |
| 264 | 1 |
_aبيروت : _bمنظمة التحرير الفلسطينية - مركز الأبحاث، _c1975. |
|
| 300 | _a93ص | ||
| 490 | 0 | _aسلسلة كتب فلسطينية ؛ 66 | |
| 650 | 1 | 7 | _aالصهيونية |
| 942 |
_2ddc _cBK |
||
| 999 |
_c23865 _d23865 |
||